000 00663nam a2200301Ia 4500
005 20260401122134.0
008 008 250103s9999 xx 000 0 eng d
020 _a041519945X
037 _aTB
040 _aEDL
040 _beng
040 _cEDL
041 _2eng
041 _aeng
084 _a704 HAU
084 _qEDL
100 _aHauser, Arnold
245 0 _aSocial History of Art: From Prehistoric Times to Middle Age
245 0 _cHauser, Arnold
260 _aLondon
260 _bRoutledge
260 _c1999
300 _a274p
942 _cTB
942 _h704 HAU
999 _c1845173
_d1845173